[Event "HUN-chT BAZ megyei CSB 2223"]
[Site "Hungary"]
[Date "2023.02.26"]
[Round "7.7"]
[White "Szabo, Istvan"]
[Black "Ress, Amira"]
[Result "1-0"]
[WhiteElo "1658"]
[BlackElo "1283"]
[PlyCount "83"]
[EventDate "2022.09.25"]
[EventType "team-tourn"]
[EventRounds "9"]
[EventCountry "HUN"]
[SourceTitle "EXT 2025"]
[Source "ChessBase"]
[SourceDate "2024.10.14"]
[SourceVersion "1"]
[SourceVersionDate "2024.10.14"]
[SourceQuality "1"]
[WhiteTeam "Ozdi Sakk SE"]
[BlackTeam "DVTK III"]
[WhiteTeamCountry "HUN"]
[BlackTeamCountry "HUN"]

1. e4 e6 2. d4 d5 3. Nc3 Nf6 4. e5 Nfd7 5. f4 c5 6. Nf3 Qb6 7. Na4 Qa5+ 8. c3 b5 9. Nxc5 Nxc5 10. dxc5 b4 11. a3 bxa3 12. b4 Qc7 13. Rxa3 a5 14. Bb5+ Bd7 15. Nd4 Qb7 16. Bxd7+ Qxd7 17. 0-0 Be7 18. f5 exf5 19. Rxf5 Nc6 20. Qa4 g6 21. Rxf7 Nxe5 22. Rf1 Qxa4 23. Rxa4 Kd7 24. Rd1 axb4 25. Rxa8 Rxa8 26. cxb4 Ra4 27. Bf4 Nc6 28. Nxc6 Kxc6 29. Bd2 Bf6 30. Kf1 Ra2 31. Ke2 Bc3 32. Kd3 d4 33. Bxc3 dxc3 34. Kxc3 Rxg2 35. Rd6+ Kc7 36. b5 Rg5 37. b6+ Kb7 38. Kc4 Rg1 39. Rd7+ Kb8 40. Kb5 Rb1+ 41. Kc6 Kc8 42. Rxh7 1-0

[Event "Puspokladany Arnoth Memorial 11th"]
[Site "Puspokladany"]
[Date "2018.07.26"]
[Round "3"]
[White "Balazs, Attila2"]
[Black "Szabo, Istvan"]
[Result "1/2-1/2"]
[WhiteElo "2030"]
[BlackElo "1843"]
[PlyCount "33"]
[EventDate "2018.07.25"]
[EventType "swiss"]
[EventRounds "9"]
[EventCountry "HUN"]
[SourceTitle "CBM 186 Extra"]
[Source "ChessBase"]
[SourceDate "2018.08.24"]
[SourceVersion "1"]
[SourceVersionDate "2018.08.24"]
[SourceQuality "1"]

1. e4 c5 2. Nf3 d6 3. c3 Nf6 4. Be2 Nc6 5. d3 g6 6. 0-0 Bg7 7. Bg5 0-0 8. Qc1 d5 9. Nbd2 h6 10. Bxf6 Bxf6 11. exd5 Qxd5 12. Ne4 Bg7 13. c4 Qf5 14. Qe3 b6 15. h3 Kh7 16. Rab1 Qd7 17. a3 1/2-1/2

[Event "HUN-chT 1516 BAZ II Gavel"]
[Site "Hungary"]
[Date "2016.03.13"]
[Round "6"]
[White "Szabo, Istvan"]
[Black "Turay, Gabor"]
[Result "1-0"]
[WhiteElo "1722"]
[BlackElo "1779"]
[PlyCount "84"]
[EventDate "2015.09.27"]
[EventType "team-tourn"]
[EventRounds "7"]
[EventCountry "HUN"]
[SourceTitle "EXT 2025"]
[Source "ChessBase"]
[SourceDate "2024.10.14"]
[SourceVersion "1"]
[SourceVersionDate "2024.10.14"]
[SourceQuality "1"]
[WhiteTeam "Ozdi Sakk SE"]
[BlackTeam "Edelenyi VSE III"]
[WhiteTeamCountry "HUN"]
[BlackTeamCountry "HUN"]

1. e4 c5 2. Nf3 e6 3. c3 Nf6 4. d3 d6 5. Be2 Nc6 6. Nbd2 a6 7. 0-0 Be7 8. a4 0-0 9. Nc4 b6 10. b3 Qc7 11. Bb2 Bd7 12. Qc2 d5 13. exd5 exd5 14. Ne3 Rad8 15. d4 Bg4 16. Nxg4 Nxg4 17. h3 Nf6 18. Rad1 cxd4 19. cxd4 Qb7 20. Ne5 Rc8 21. Qf5 g6 22. Qf3 Rfe8 23. Rfe1 Nxe5 24. dxe5 Ne4 25. Bd3 Ng5 26. Qe2 Ne6 27. Bxa6 Qa8 28. Bxc8 Rxc8 29. Qb5 Rc2 30. Re2 Rxe2 31. Qxe2 Bc5 32. Qf3 Ng5 33. Qxd5 Qxd5 34. Rxd5 Ne4 35. Bd4 Bxd4 36. Rxd4 Nc3 37. Rb4 b5 38. a5 Ne2+ 39. Kf1 Nc3 40. a6 Nd5 41. Rxb5 Nc7 42. Rb8+ Kg7 1-0

[Event "HUN-chT 1516 BAZ II Gavel"]
[Site "Hungary"]
[Date "2015.11.15"]
[Round "2"]
[White "Kassay, Lilla"]
[Black "Szabo, Istvan"]
[Result "1-0"]
[WhiteElo "2037"]
[BlackElo "1709"]
[PlyCount "83"]
[EventDate "2015.09.27"]
[EventType "team-tourn"]
[EventRounds "7"]
[EventCountry "HUN"]
[SourceTitle "EXT 2025"]
[Source "ChessBase"]
[SourceDate "2024.10.14"]
[SourceVersion "1"]
[SourceVersionDate "2024.10.14"]
[SourceQuality "1"]
[WhiteTeam "Miskolc KisBocsok III"]
[BlackTeam "Ozdi Sakk SE"]
[WhiteTeamCountry "HUN"]
[BlackTeamCountry "HUN"]

1. e4 c5 2. Nf3 Nc6 3. d4 cxd4 4. Nxd4 g6 5. Nc3 Bg7 6. Be3 d6 7. f3 Nf6 8. Bc4 Qa5 9. Qd2 0-0 10. 0-0-0 Nxd4 11. Bxd4 Be6 12. Bxe6 fxe6 13. h4 Rac8 14. Kb1 Rc7 15. h5 Rfc8 16. hxg6 hxg6 17. g4 e5 18. Be3 Rxc3 19. bxc3 Rxc3 20. Rhf1 Qb4+ 21. Ka1 Qc4 22. Rc1 e6 23. Rf2 d5 24. Bg5 d4 25. Rb1 b6 26. Rb3 Nd7 27. Rxc3 Qxc3+ 28. Qxc3 dxc3 29. Rf1 Kf7 30. Rd1 Nc5 31. Be3 Bf8 32. Bxc5 Bxc5 33. Rd7+ Kf6 34. Rxa7 Kg5 35. Rf7 b5 36. Kb1 b4 37. Kc1 Be3+ 38. Kd1 Kh4 39. Re7 g5 40. Rxe6 Bd4 41. Rc6 Kg3 42. Ke2 1-0

[Event "HUN-chT2 Barcza 1213"]
[Site "Hungary"]
[Date "2012.09.16"]
[Round "1.6"]
[White "Kalyinka, Roland"]
[Black "Szabo, Istvan"]
[Result "1-0"]
[WhiteElo "2054"]
[BlackElo "1979"]
[PlyCount "71"]
[EventDate "2012.09.16"]
[EventType "team-tourn"]
[EventRounds "11"]
[EventCountry "HUN"]
[SourceTitle "EXT 2014"]
[Source "ChessBase"]
[SourceDate "2013.11.20"]
[SourceVersion "1"]
[SourceVersionDate "2013.11.20"]
[SourceQuality "1"]
[WhiteTeam "Edeleny"]
[BlackTeam "Debrecen Betu"]
[WhiteTeamCountry "HUN"]
[BlackTeamCountry "HUN"]

1. e4 c5 2. Nf3 d6 3. d4 cxd4 4. Qxd4 Nc6 5. Bb5 Bd7 6. Bxc6 Bxc6 7. Nc3 Nf6 8. Bg5 h6 9. Bh4 g5 10. Bg3 Bg7 11. Qd3 Qa5 12. 0-0 Nd7 13. Nd4 Nc5 14. Qe3 Bxd4 15. Qxd4 0-0 16. b4 Ne6 17. Qc4 Qc7 18. f4 Bd7 19. Qd3 Qb6+ 20. Kh1 Qd4 21. Nd5 Rae8 22. Qf3 Bb5 23. Rfd1 Qg7 24. f5 Nd4 25. Qf2 Ne2 26. Nc7 Nxg3+ 27. hxg3 Bc6 28. Nxe8 Rxe8 29. Qd4 f6 30. c4 Qf7 31. b5 Qh5+ 32. Kg1 Rc8 33. bxc6 Rxc6 34. Rab1 Ra6 35. Qd5+ Kf8 36. Rxb7 1-0

[Event "HUN-chT2 Barcza 1112 "]
[Site "Hungary"]
[Date "2011.09.25"]
[Round "1"]
[White "Szabo, Istvan"]
[Black "Szilagyi, Tibor"]
[Result "1/2-1/2"]
[WhiteElo "1979"]
[BlackElo "2049"]
[PlyCount "58"]
[EventDate "2011.09.25"]
[EventType "team-tourn"]
[EventRounds "11"]
[EventCountry "HUN"]
[SourceTitle "EXT 2013"]
[Source "ChessBase"]
[SourceDate "2012.11.22"]
[SourceVersion "1"]
[SourceVersionDate "2012.11.22"]
[SourceQuality "1"]
[WhiteTeam "Debrecen Betu"]
[BlackTeam "Debrecen Sakkbaratok"]
[WhiteTeamCountry "HUN"]
[BlackTeamCountry "HUN"]

1. c4 e5 2. Nc3 Nf6 3. g3 g6 4. Bg2 Bg7 5. Nf3 d6 6. 0-0 0-0 7. d4 Nc6 8. dxe5 Nxe5 9. Nxe5 dxe5 10. Bg5 Qxd1 11. Rfxd1 c6 12. Rac1 Be6 13. b3 h6 14. Be3 Rfe8 15. Na4 Ng4 16. Bd2 Rad8 17. Bc3 h5 18. Nc5 Bc8 19. Ne4 f5 20. Nd6 Re7 21. Nxc8 Rxc8 22. Rd6 Kf7 23. e4 Re6 24. Rd7+ Re7 25. Rxe7+ Kxe7 26. exf5 gxf5 27. f4 Ke6 28. Re1 Bf8 29. h3 Bc5+ 1/2-1/2

[Event "HUN-chT2 Barcza 0809"]
[Site "Hungary"]
[Date "2009.04.19"]
[Round "11.8"]
[White "Botragyi, Tibor"]
[Black "Szabo, Istvan"]
[Result "1-0"]
[WhiteElo "2151"]
[BlackElo "1960"]
[PlyCount "87"]
[EventDate "2008.10.26"]
[EventType "tourn"]
[EventRounds "11"]
[EventCountry "HUN"]
[SourceTitle "EXT 2010"]
[Source "ChessBase"]
[SourceDate "2010.11.25"]
[SourceVersion "1"]
[SourceVersionDate "2010.11.25"]
[SourceQuality "1"]
[WhiteTeam "Nyiregyhaza"]
[BlackTeam "TEVA SE"]
[WhiteTeamCountry "HUN"]
[BlackTeamCountry "HUN"]

1. e4 c5 2. d4 cxd4 3. c3 d3 4. c4 e6 5. Bxd3 Nc6 6. Nf3 Bb4+ 7. Bd2 Bxd2+ 8. Qxd2 Qc7 9. Nc3 a6 10. Qg5 Kf8 11. 0-0 h6 12. Qe3 Nge7 13. e5 f5 14. exf6 gxf6 15. Rfe1 Kf7 16. Qc5 h5 17. Qe3 Ng6 18. Bxg6+ Kxg6 19. Qe4+ f5 20. Qh4 Qd8 21. Qg3+ Kf7 22. Ng5+ Kf8 23. Rad1 Qe7 24. h4 Qb4 25. b3 b5 26. cxb5 axb5 27. Qd3 Qxh4 28. Qd6+ Ne7 29. Nf3 Qf6 30. Nd5 Qg7 31. Nb6 Rg8 32. g3 Ra6 33. Nxd7+ Ke8 34. Qb8 f4 35. Nde5 fxg3 36. Qxb5+ Rc6 37. Nxc6 gxf2+ 38. Kxf2 Qg3+ 39. Ke2 Qg2+ 40. Ke3 Nf5+ 41. Kd3 Qxf3+ 42. Kc4 Ba6 43. Qxa6 Rg4+ 44. Kb5 1-0

[Event "HUN-chT2 Barcza 0809"]
[Site "Hungary"]
[Date "2009.03.08"]
[Round "9.8"]
[White "Kun, Sandor2"]
[Black "Szabo, Istvan"]
[Result "1-0"]
[WhiteElo "2063"]
[BlackElo "1960"]
[PlyCount "53"]
[EventDate "2008.10.26"]
[EventType "tourn"]
[EventRounds "11"]
[EventCountry "HUN"]
[SourceTitle "EXT 2010"]
[Source "ChessBase"]
[SourceDate "2010.11.25"]
[SourceVersion "1"]
[SourceVersionDate "2010.11.25"]
[SourceQuality "1"]
[WhiteTeam "Hajduszoboszlo"]
[BlackTeam "TEVA SE"]
[WhiteTeamCountry "HUN"]
[BlackTeamCountry "HUN"]

1. e4 c5 2. Nf3 d6 3. d4 cxd4 4. Nxd4 Nf6 5. Nc3 a6 6. Bc4 e6 7. Bb3 Be7 8. Be3 0-0 9. Qe2 Qc7 10. 0-0-0 Nbd7 11. Bxe6 fxe6 12. Nxe6 Qa5 13. Nxf8 Bxf8 14. Qc4+ Kh8 15. f4 Nc5 16. Bxc5 dxc5 17. e5 Ng8 18. Qf7 Be7 19. Rd3 Bg4 20. Ne4 Rf8 21. Ng5 h6 22. Qg6 Bxg5 23. fxg5 Bf5 24. Qd6 Bxd3 25. Qxf8 Qxa2 26. Rd1 Bc4 27. Rd7 1-0

[Event "HUN-chT2 Barcza 0809"]
[Site "Hungary"]
[Date "2009.02.08"]
[Round "7.8"]
[White "Szakacs, Eniko"]
[Black "Szabo, Istvan"]
[Result "0-1"]
[WhiteElo "1682"]
[BlackElo "1960"]
[PlyCount "98"]
[EventDate "2008.10.26"]
[EventType "tourn"]
[EventRounds "11"]
[EventCountry "HUN"]
[SourceTitle "EXT 2010"]
[Source "ChessBase"]
[SourceDate "2010.11.25"]
[SourceVersion "1"]
[SourceVersionDate "2010.11.25"]
[SourceQuality "1"]
[WhiteTeam "Edeleny"]
[BlackTeam "TEVA SE"]
[WhiteTeamCountry "HUN"]
[BlackTeamCountry "HUN"]

1. e4 c5 2. b3 Nc6 3. Bb2 d6 4. Bb5 a6 5. Bxc6+ bxc6 6. Ne2 Nf6 7. Ng3 g6 8. 0-0 Bg7 9. Nc3 0-0 10. f4 c4 11. Qe2 cxb3 12. axb3 Qb6+ 13. Qf2 Qxf2+ 14. Rxf2 Ng4 15. Re2 Bd4+ 16. Kf1 Nxh2+ 17. Ke1 Bg4 18. Ba3 Bxc3 19. dxc3 Bxe2 20. Nxe2 Ng4 21. g3 Rfe8 22. c4 e5 23. Bxd6 exf4 24. Bxf4 Rxe4 25. Kf1 Ne3+ 26. Bxe3 Rxe3 27. Kf2 Rae8 28. Nf4 Rc3 29. Ra2 Rd8 30. Nd3 Rxc2+ 31. Rxc2 Rxd3 32. Ra2 Rxb3 33. Rxa6 h5 34. Rxc6 Rc3 35. Rc8+ Kg7 36. c5 Kf6 37. c6 Ke6 38. Re8+ Kd6 39. Rf8 Rxc6 40. Rxf7 Ke6 41. Rf8 Rc5 42. Ra8 Kf5 43. Rf8+ Kg5 44. Rf4 Rf5 45. Rxf5+ Kxf5 46. Kf3 Kg5 47. Kf2 Kg4 48. Kg2 g5 49. Kh2 Kf3 0-1

[Event "HUN-chT2 Barcza 0809"]
[Site "Hungary"]
[Date "2009.01.11"]
[Round "5.9"]
[White "Bakos, Levente"]
[Black "Szabo, Istvan"]
[Result "1-0"]
[WhiteElo "2055"]
[BlackElo "1960"]
[PlyCount "79"]
[EventDate "2008.10.26"]
[EventType "tourn"]
[EventRounds "11"]
[EventCountry "HUN"]
[SourceTitle "EXT 2010"]
[Source "ChessBase"]
[SourceDate "2010.11.25"]
[SourceVersion "1"]
[SourceVersionDate "2010.11.25"]
[SourceQuality "1"]
[WhiteTeam "DEAC"]
[BlackTeam "TEVA SE"]
[WhiteTeamCountry "HUN"]
[BlackTeamCountry "HUN"]

1. e4 c5 2. Nf3 d6 3. d4 cxd4 4. Nxd4 Nf6 5. Nc3 a6 6. Bg5 e6 7. f4 Be7 8. Qf3 Qc7 9. 0-0-0 Nbd7 10. g4 b5 11. Bxf6 Nxf6 12. g5 Nd7 13. h4 b4 14. Nce2 Nc5 15. Ng3 Bb7 16. f5 e5 17. Nb3 0-0-0 18. f6 gxf6 19. gxf6 Bf8 20. Nxc5 Bh6+ 21. Kb1 Qxc5 22. Nf5 Bf4 23. Ne7+ Kb8 24. Nd5 Rc8 25. Qb3 a5 26. a3 Rhg8 27. axb4 axb4 28. Nxb4 Qa7 29. Ba6 Rg3 30. Rd3 Rxd3 31. Bxd3 Bd2 32. Nd5 Rg8 33. Nb6 Rg4 34. Nd7+ Kc8 35. Qxf7 Bc6 36. Nxe5 Rg1+ 37. Rxg1 Qxg1+ 38. Ka2 dxe5 39. Qf8+ Kc7 40. Qg7+ 1-0

[Event "HUN-chT2 Barcza 0708"]
[Site "Hungary"]
[Date "2008.02.17"]
[Round "6"]
[White "Szabo, Istvan"]
[Black "Farkas, Adam"]
[Result "1/2-1/2"]
[WhiteElo "1957"]
[BlackElo "2067"]
[PlyCount "89"]
[EventDate "2007.10.14"]
[EventType "team-tourn"]
[EventRounds "11"]
[EventCountry "HUN"]
[SourceTitle "EXT 2009"]
[Source "ChessBase"]
[SourceDate "2008.11.26"]
[SourceVersion "1"]
[SourceVersionDate "2008.11.26"]
[SourceQuality "1"]
[WhiteTeam "Debrecen Betu"]
[BlackTeam "DEAC"]
[WhiteTeamCountry "HUN"]
[BlackTeamCountry "HUN"]

1. d4 d5 2. c4 c6 3. cxd5 cxd5 4. Nc3 Nf6 5. Bg5 e6 6. e3 Be7 7. Bd3 0-0 8. Nf3 Nbd7 9. 0-0 a6 10. Rc1 b5 11. a4 b4 12. Ne2 Bb7 13. Ng3 Ne4 14. Bxe7 Qxe7 15. Rc7 Rab8 16. Ne5 Rfd8 17. Rxb7 Rxb7 18. Nc6 Qh4 19. Nxd8 Qxd8 20. Nxe4 dxe4 21. Bxa6 Rc7 22. Qb3 Qe7 23. Bb5 Nf6 24. Ra1 Nd5 25. a5 h5 26. Bc4 Nf6 27. Ra4 Nd5 28. g3 Qg5 29. Ra1 h4 30. Bxd5 exd5 31. Qxb4 Qg4 32. Qb8+ Rc8 33. Qf4 Qe2 34. Qxh4 Qxb2 35. Rf1 Qa2 36. Qg4 Ra8 37. h4 Qxa5 38. h5 Qa6 39. Kg2 Rd8 40. Rc1 Qf6 41. Rc5 Kh7 42. Qe2 Rd6 43. Qg4 Kh6 44. Rc8 Kh7 45. Rc5 1/2-1/2

[Event "IECG CA.2007.0.00189"]
[Site "IECG email"]
[Date "2007.08.17"]
[Round "?"]
[White "Szabo, Istvan"]
[Black "Majer, Damir"]
[Result "0-1"]
[WhiteElo "2012"]
[BlackElo "2045"]
[PlyCount "60"]
[EventDate "2007.08.17"]
[EventType "tourn (corr)"]
[EventRounds "6"]
[SourceTitle "Corr 2024"]
[Source "ChessBase"]
[SourceDate "2023.10.19"]
[SourceVersion "1"]
[SourceVersionDate "2023.10.19"]
[SourceQuality "1"]

1. e4 e5 2. Nf3 Nc6 3. d4 exd4 4. Bc4 Nf6 5. e5 d5 6. Bb5 Ne4 7. Nxd4 Bd7 8. Bxc6 bxc6 9. 0-0 Bc5 10. f3 Ng5 11. f4 Ne4 12. Be3 Bb6 13. Nd2 Nxd2 14. Qxd2 c5 15. Nf3 d4 16. Bf2 Bc6 17. Bh4 Qd7 18. f5 Qxf5 19. Nxd4 Qd7 20. Nf3 Qg4 21. Qg5 c4+ 22. Kh1 Qxg5 23. Nxg5 0-0 24. Rae1 h6 25. Nf3 c3 26. Rb1 cxb2 27. Rxb2 Rfe8 28. Re1 Ba5 29. Re3 Bd5 30. Be1 Bb6 0-1

[Event "HUN-chT2 Barcza 0607"]
[Site "Hungary"]
[Date "2007.05.06"]
[Round "10"]
[White "Botragyi, Tibor"]
[Black "Szabo, Istvan"]
[Result "1/2-1/2"]
[WhiteElo "2156"]
[BlackElo "1979"]
[PlyCount "82"]
[EventDate "2006.11.12"]
[EventType "team-tourn"]
[EventRounds "11"]
[EventCountry "HUN"]
[SourceTitle "EXT 2008"]
[Source "ChessBase"]
[SourceDate "2007.11.25"]
[SourceVersion "1"]
[SourceVersionDate "2007.11.25"]
[SourceQuality "1"]
[WhiteTeam "Lokomotiv"]
[BlackTeam "Debrecen Betu"]
[WhiteTeamCountry "HUN"]
[BlackTeamCountry "HUN"]

1. e4 c5 2. c3 d5 3. exd5 Qxd5 4. d4 cxd4 5. cxd4 Nc6 6. Nf3 Bg4 7. Be2 e6 8. 0-0 Bb4 9. h3 Bh5 10. Nc3 Qa5 11. Be3 Nf6 12. Qb3 0-0 13. a3 Bxc3 14. bxc3 Qc7 15. c4 Rfd8 16. Rfd1 Na5 17. Qb4 Rd7 18. Rac1 Nc6 19. Qb3 Rad8 20. Qb2 b6 21. c5 bxc5 22. Rxc5 Rd5 23. Rdc1 Qb8 24. Qxb8 Nxb8 25. g4 Bg6 26. Rc7 a6 27. Ne5 Ne8 28. Ra7 Ra5 29. Rc3 Nd6 30. Rb3 Be4 31. Bf3 Bxf3 32. Nxf3 Nb5 33. Ra8 Nc6 34. Rxd8+ Nxd8 35. Bc1 Nc6 36. Bb2 Ra4 37. Kf1 Kf8 38. Rd3 Ne7 39. Ne5 Nd5 40. Nd7+ Ke7 41. Nc5 Rc4 1/2-1/2

[Event "HUN-chT2 Barcza 0607"]
[Site "Hungary"]
[Date "2007.03.25"]
[Round "7"]
[White "Szabo, Istvan"]
[Black "Csabai, Gyula"]
[Result "1/2-1/2"]
[WhiteElo "1979"]
[BlackElo "2011"]
[PlyCount "44"]
[EventDate "2006.11.12"]
[EventType "team-tourn"]
[EventRounds "11"]
[EventCountry "HUN"]
[SourceTitle "EXT 2008"]
[Source "ChessBase"]
[SourceDate "2007.11.25"]
[SourceVersion "1"]
[SourceVersionDate "2007.11.25"]
[SourceQuality "1"]
[WhiteTeam "Debrecen Betu"]
[BlackTeam "Edeleny II"]
[WhiteTeamCountry "HUN"]
[BlackTeamCountry "HUN"]

1. Nf3 Nc6 2. d4 d5 3. Bf4 Bg4 4. e3 e6 5. Bd3 Bd6 6. Bxd6 cxd6 7. 0-0 Nf6 8. c4 dxc4 9. Bxc4 d5 10. Be2 0-0 11. Nbd2 Qd6 12. Nb3 b6 13. Nc1 Rac8 14. Nd3 Bxf3 15. Bxf3 Rc7 16. Rc1 Rfc8 17. Qd2 Ne4 18. Bxe4 dxe4 19. Nf4 e5 20. Ne2 exd4 21. exd4 g6 22. Qe3 Nxd4 1/2-1/2

[Event "HUN-chT2 Barcza 0607"]
[Site "Hungary"]
[Date "2007.03.04"]
[Round "6"]
[White "Szabo, Istvan"]
[Black "Kun, Sandor"]
[Result "0-1"]
[WhiteElo "1979"]
[BlackElo "2169"]
[PlyCount "78"]
[EventDate "2006.11.12"]
[EventType "team-tourn"]
[EventRounds "11"]
[EventCountry "HUN"]
[SourceTitle "EXT 2008"]
[Source "ChessBase"]
[SourceDate "2007.11.25"]
[SourceVersion "1"]
[SourceVersionDate "2007.11.25"]
[SourceQuality "1"]
[WhiteTeam "Debrecen Betu"]
[BlackTeam "Hajduszoboszlo"]
[WhiteTeamCountry "HUN"]
[BlackTeamCountry "HUN"]

1. Nf3 Nf6 2. g3 g6 3. Bg2 Bg7 4. 0-0 0-0 5. c4 d6 6. Nc3 Nc6 7. d4 Bg4 8. h3 Bxf3 9. Bxf3 Nd7 10. Bxc6 bxc6 11. Be3 e5 12. Qd2 Qf6 13. d5 Nb6 14. b3 c5 15. Kg2 Qe7 16. Bg5 f6 17. Bh6 f5 18. Bxg7 Kxg7 19. f3 h5 20. e4 f4 21. g4 Rh8 22. Qf2 Rh7 23. Rh1 Rah8 24. Rag1 g5 25. Qe1 a6 26. Nd1 Nd7 27. Qa5 Nf6 28. Nf2 Kg6 29. Qe1 Qd7 30. Qe2 Rh6 31. Qd1 Qh7 32. Re1 hxg4 33. hxg4 Rh2+ 34. Rxh2 Qxh2+ 35. Kf1 Qg3 36. Ke2 Rh2 37. Rf1 Nxg4 38. Qe1 Nxf2 39. Rxf2 g4 0-1